00471nam a22001337a 4500003000500000005001700005008004100022020001800063050002400081245009800105260003700203300004600240500005100286PILC20160525094956.0160525b xxu||||| |||| 00| 0 eng d a9781680941043 aK 564.C6b.L41 2015 aLaw of the internet and information technology /ceditors Darren Samuels and Thomas Roshenow. aNew York :bArcler Press,c2015. axi, 297 pages : billustrations ;c24 cm. aIncludes bibliographical references and index.